[Event "TCh-FRA Top 16 Gp A/B"]
[Site "Clichy"]
[Date "2007.05.31"]
[Round "8.6"]
[White "Taddei, Benoit"]
[Black "Le Roy, Brice"]
[Result "0-1"]
[WhiteElo "2247"]
[BlackElo "2296"]
[PlyCount "62"]
[EventDate "2007.05.??"]
[EventType "team"]
[EventRounds "11"]
[EventCountry "FRA"]
[SourceDate "2007.01.01"]
[WhiteTeam "Metz"]
[WhiteTeamCountry "FRA"]
[BlackTeamCountry "FRA"]

1. e4 Nf6 2. Nc3 d5 3. e5 Nfd7 4. f4 c5 5. Nf3 e6 6. g3 Nc6 7. d3 b5 8. Bg2 Bb7
9. O-O Qb6 10. Ne2 Be7 11. c3 b4 12. Be3 Ba6 13. Rc1 Rb8 14. Bf2 O-O 15. g4
bxc3 16. bxc3 Qa5 17. Qc2 Rb7 18. Rb1 Rfb8 19. Rxb7 Rxb7 20. Rb1 Rxb1+ 21. Qxb1
Qb5 22. Qxb5 Bxb5 23. Nc1 c4 24. d4 Ba3 25. Be3 Ba4 26. Ne1 Bb2 27. Ne2 Bd1 28.
Bf3 Bxe2 29. Bxe2 Bxc3 30. Nc2 Nb6 31. Kf2 Na4 0-1

[Event "TCh-FRA Top 16 Gp A/B"]
[Site "Clichy"]
[Date "2007.05.31"]
[Round "8.8"]
[White "Leclair, Marie"]
[Black "Aflalo, Sophie"]
[Result "1-0"]
[WhiteElo "2024"]
[BlackElo "1954"]
[PlyCount "127"]
[EventDate "2007.05.??"]
[EventType "team"]
[EventRounds "11"]
[EventCountry "FRA"]
[SourceDate "2007.01.01"]
[WhiteTeam "Metz"]
[WhiteTeamCountry "FRA"]
[BlackTeamCountry "FRA"]

1. e4 c5 2. Nf3 Nc6 3. d4 cxd4 4. Nxd4 Nf6 5. Nc3 e5 6. Ndb5 d6 7. Bg5 a6 8.
Na3 b5 9. Nd5 Be7 10. Bxf6 Bxf6 11. c3 O-O 12. Nc2 Bg5 13. Nce3 Kh8 14. Be2 g6
15. O-O f5 16. Bf3 Bb7 17. Qd3 f4 18. Nc2 Nb8 19. Rfd1 Nd7 20. Ne1 Nc5 21. Qc2
Bh6 22. Rd2 a5 23. Rad1 Rc8 24. Qb1 Rb8 25. Qc2 Rc8 26. Bg4 Rc6 27. Bf3 Ne6 28.
Qb1 Qe8 29. b3 Bc8 30. Qb2 g5 31. Rc2 Nc5 32. h3 Bg7 33. Nd3 Ne6 34. Ne1 Bf6
35. Nxf6 Rxf6 36. Rd5 Nc5 37. Qc1 Qg6 38. Re2 h5 39. g4 fxg3 40. fxg3 Bxh3 41.
b4 Na4 42. Rxb5 Nxc3 43. Rb8+ Kg7 44. Kh2 Bg4 45. Rb7+ Kh6 46. Re3 axb4 47.
Rxb4 Nd5 48. Qxc6 Nxe3 49. Qa8 Bxf3 50. Qh8+ Qh7 51. Qxf6+ Qg6 52. Qxg6+ Kxg6
53. Nxf3 g4 54. Nh4+ Kf6 55. a4 Nc2 56. Rb6 Ne3 57. Rxd6+ Kf7 58. Rc6 Nf1+ 59.
Kg2 Ne3+ 60. Kg1 Ke8 61. Re6+ Kd7 62. Rxe5 Nc4 63. Rxh5 Nb6 64. a5 1-0

[Event "TCh-FRA Top 16 Gp A/B"]
[Site "Clichy"]
[Date "2007.05.31"]
[Round "8.1"]
[White "Miton, Kamil"]
[Black "Prie, Eric"]
[Result "1/2-1/2"]
[WhiteElo "2653"]
[BlackElo "2513"]
[PlyCount "53"]
[EventDate "2007.05.??"]
[EventType "team"]
[EventRounds "11"]
[EventCountry "FRA"]
[SourceDate "2007.01.01"]
[WhiteTeam "Marseille"]
[BlackTeam "Montpellier"]
[WhiteTeamCountry "FRA"]
[BlackTeamCountry "FRA"]

1. d4 d5 2. c4 c6 3. Nc3 Nf6 4. Nf3 a6 5. a4 e6 6. Bg5 a5 7. g3 Nbd7 8. Bg2 h6
9. Bf4 Bb4 10. O-O O-O 11. Nd2 g5 12. Be3 Ng4 13. Qc2 f5 14. Nd1 Qf6 15. Nb3
Nxe3 16. Nxe3 f4 17. Nd1 Nb6 18. c5 Nc4 19. Nc3 b6 20. cxb6 Rb8 21. Nc5 Rxb6
22. b3 Na3 23. Qd3 e5 24. Bxd5+ cxd5 25. Nxd5 Qd6 26. Nxb6 Qxb6 27. Rfc1 {
à compléter} 1/2-1/2

[Event "TCh-FRA Top 16 Gp A/B"]
[Site "Clichy"]
[Date "2007.05.31"]
[Round "8.2"]
[White "Hamdouchi, Hichem"]
[Black "Gozzoli, Yannick"]
[Result "1/2-1/2"]
[WhiteElo "2598"]
[BlackElo "2453"]
[PlyCount "56"]
[EventDate "2007.05.??"]
[EventType "team"]
[EventRounds "11"]
[EventCountry "FRA"]
[SourceDate "2007.01.01"]
[WhiteTeam "Montpellier"]
[WhiteTeamCountry "FRA"]
[BlackTeamCountry "FRA"]

1. e4 e5 2. Nf3 Nc6 3. Bc4 Nf6 4. d3 Be7 5. O-O O-O 6. Re1 d6 7. a4 Kh8 8. a5
a6 9. c3 Ng8 10. d4 f5 11. dxe5 fxe4 12. Rxe4 Rxf3 13. gxf3 Bf5 14. Re1 Nxe5
15. Be2 Qe8 16. Kh1 Nf6 17. Be3 c6 18. Rg1 Qf7 19. Nd2 d5 20. Nf1 Rf8 21. Ng3
Bc8 22. Bd4 Bd6 23. b4 Ng6 24. Qd2 Nf4 25. Rae1 Nh3 26. Rg2 Nf4 27. Rgg1 Nh3
28. Rg2 Nf4 1/2-1/2

[Event "TCh-FRA Top 16 Gp A/B"]
[Site "Clichy"]
[Date "2007.05.31"]
[Round "8.3"]
[White "Jedynak, Radoslaw"]
[Black "Korneev, Oleg"]
[Result "1/2-1/2"]
[WhiteElo "2538"]
[BlackElo "2565"]
[PlyCount "46"]
[EventDate "2007.05.??"]
[EventType "team"]
[EventRounds "11"]
[EventCountry "FRA"]
[SourceDate "2007.01.01"]
[WhiteTeam "Marseille"]
[BlackTeam "Montpellier"]
[WhiteTeamCountry "FRA"]
[BlackTeamCountry "FRA"]

1. d4 d5 2. c4 c6 3. cxd5 cxd5 4. Nc3 Nf6 5. Bf4 Nc6 6. e3 a6 7. Bd3 Bg4 8.
Nge2 e6 9. Qb3 Bxe2 10. Bxe2 Na5 11. Qa4+ Nc6 12. Qb3 Na5 13. Qa4+ Nc6 14. O-O
Be7 15. Rfc1 O-O 16. Qd1 Qa5 17. a3 Rfc8 18. Na4 Nd7 19. Rc3 b5 20. Rac1 Na7
21. Rxc8+ Rxc8 22. Rxc8+ Nxc8 23. Qc1 Na7 1/2-1/2

[Event "TCh-FRA Top 16 Gp A/B"]
[Site "Clichy"]
[Date "2007.05.31"]
[Round "8.4"]
[White "Marzolo, Cyril"]
[Black "Genov, Petar"]
[Result "1/2-1/2"]
[WhiteElo "2459"]
[BlackElo "2474"]
[PlyCount "31"]
[EventDate "2007.05.??"]
[EventType "team"]
[EventRounds "11"]
[EventCountry "FRA"]
[SourceDate "2007.01.01"]
[WhiteTeam "Montpellier"]
[WhiteTeamCountry "FRA"]
[BlackTeamCountry "FRA"]

1. d4 Nf6 2. c4 e6 3. Nf3 b6 4. g3 Bb7 5. Bg2 Bb4+ 6. Bd2 Bxd2+ 7. Qxd2 d6 8.
Nc3 O-O 9. O-O Ne4 10. Nxe4 Bxe4 11. d5 e5 12. Rac1 a5 13. Bh3 Bxf3 14. exf3
Nd7 15. Bxd7 Qxd7 16. b3 1/2-1/2

[Event "TCh-FRA Top 16 Gp A/B"]
[Site "Clichy"]
[Date "2007.05.31"]
[Round "8.5"]
[White "Amigues, Emmanuel"]
[Black "Maze, Sebastien"]
[Result "1/2-1/2"]
[WhiteElo "2388"]
[BlackElo "2506"]
[PlyCount "41"]
[EventDate "2007.05.??"]
[EventType "team"]
[EventRounds "11"]
[EventCountry "FRA"]
[SourceDate "2007.01.01"]
[WhiteTeam "Marseille"]
[BlackTeam "Montpellier"]
[WhiteTeamCountry "FRA"]
[BlackTeamCountry "FRA"]

1. d4 Nf6 2. Nf3 g6 3. c4 Bg7 4. Nc3 O-O 5. e4 d6 6. Be2 c5 7. d5 b5 8. cxb5 a6
9. O-O axb5 10. Bxb5 Ba6 11. Nd2 Nfd7 12. Bxa6 Rxa6 13. Qc2 Qa5 14. a3 Ra8 15.
Nc4 Qa6 16. Nd1 Nb6 17. Nxb6 Qxb6 18. Ne3 Nd7 19. Nc4 Qa6 20. Rb1 Nb6 21. Nxb6
1/2-1/2

[Event "TCh-FRA Top 16 Gp A/B"]
[Site "Clichy"]
[Date "2007.05.31"]
[Round "8.6"]
[White "Flear, Glenn C"]
[Black "Guadalpi, David"]
[Result "1/2-1/2"]
[WhiteElo "2476"]
[BlackElo "2336"]
[PlyCount "110"]
[EventDate "2007.05.??"]
[EventType "team"]
[EventRounds "11"]
[EventCountry "FRA"]
[SourceDate "2007.01.01"]
[WhiteTeam "Montpellier"]
[WhiteTeamCountry "FRA"]
[BlackTeamCountry "FRA"]

1. d4 d5 2. c4 c6 3. Nc3 e5 4. dxe5 d4 5. Ne4 Qa5+ 6. Bd2 Qxe5 7. Ng3 Nf6 8.
Nf3 Qd6 9. Qc2 Be7 10. Nf5 Bxf5 11. Qxf5 O-O 12. g3 Na6 13. Bg2 g6 14. Qf4 Qxf4
15. Bxf4 Bb4+ 16. Kf1 Rad8 17. Rd1 Ne4 18. a3 Ba5 19. b4 Bb6 20. c5 Bc7 21.
Nxd4 Nc3 22. Rd3 Bxf4 23. gxf4 Nc7 24. Rxc3 Rxd4 25. e3 Rd2 26. Bf3 Rfd8 27.
Kg2 Nb5 28. Rb3 Ra2 29. Rd1 Rxd1 30. Bxd1 Rxa3 31. Rxa3 Nxa3 32. Kf3 Nb5 33.
Be2 Nc7 34. Bc4 b5 35. cxb6 axb6 36. Ke4 Kf8 37. f5 Ke7 38. fxg6 hxg6 39. Kd4
Ne8 40. h4 Nc7 41. f4 Kf6 42. Bd3 Ne6+ 43. Kc4 Nd8 44. b5 Kg7 45. Be4 cxb5+ 46.
Kxb5 Kh6 47. Bf3 Ne6 48. Kxb6 Ng7 49. Bg4 Nh5 50. Kc6 Ng3 51. Kd5 f5 52. Bf3
Nf1 53. Kd4 Ng3 54. Kd3 Nh5 55. Kd4 Ng3 1/2-1/2

[Event "TCh-FRA Top 16 Gp A/B"]
[Site "Clichy"]
[Date "2007.05.31"]
[Round "8.7"]
[White "Goldsztejn, Gildas"]
[Black "Libiszewski, Fabien"]
[Result "0-1"]
[WhiteElo "2328"]
[BlackElo "2486"]
[PlyCount "80"]
[EventDate "2007.05.??"]
[EventType "team"]
[EventRounds "11"]
[EventCountry "FRA"]
[SourceDate "2007.01.01"]
[WhiteTeam "Marseille"]
[BlackTeam "Montpellier"]
[WhiteTeamCountry "FRA"]
[BlackTeamCountry "FRA"]

1. Nf3 Nf6 2. c4 g6 3. Nc3 Bg7 4. e4 d6 5. d4 O-O 6. Be2 e5 7. Be3 Na6 8. O-O
c6 9. dxe5 dxe5 10. h3 Qe7 11. a3 Nc5 12. Qc2 Nh5 13. Rfd1 Nf4 14. Bf1 Nce6 15.
Kh2 Qf6 16. Be2 g5 17. Qd2 h5 18. g3 g4 19. hxg4 Nxe2 20. Qxe2 hxg4 21. Nh4 Nd4
22. Qf1 Nf3+ 23. Nxf3 gxf3 24. Qh1 Bh6 25. Bc5 Re8 26. Rd6 Be6 27. Rd3 Bg4 28.
Rad1 Kg7 29. Rd6 Be6 30. Kg1 Be3 31. fxe3 Rh8 32. Kf2 Rxh1 33. Rxh1 b6 34. Rxc6
bxc5 35. Nd5 Qg6 36. Rh4 Rh8 37. Ne7 Qg5 38. Rxh8 Kxh8 39. Nd5 Qh5 40. Nf6 Qh1
0-1

[Event "TCh-FRA Top 16 Gp A/B"]
[Site "Clichy"]
[Date "2007.05.31"]
[Round "8.1"]
[White "Lepelletier, Benoit"]
[Black "Rozentalis, Eduardas"]
[Result "0-1"]
[WhiteElo "2423"]
[BlackElo "2578"]
[PlyCount "84"]
[EventDate "2007.05.??"]
[EventType "team"]
[EventRounds "11"]
[EventCountry "FRA"]
[SourceDate "2007.01.01"]
[WhiteTeam "Creteil"]
[BlackTeam "Strasbourg"]
[WhiteTeamCountry "FRA"]
[BlackTeamCountry "FRA"]

1. e4 Nf6 2. Nc3 d5 3. e5 Ne4 4. Nce2 d4 5. d3 Nc5 6. f4 Nc6 7. Nf3 Bg4 8. Ng3
h5 9. h3 Bxf3 10. Qxf3 Nb4 11. Kd1 h4 12. Ne4 e6 13. Be2 Nd5 14. Bd2 Qd7 15.
Ke1 O-O-O 16. Kf2 f6 17. Rhf1 Be7 18. Kg1 Rdf8 19. exf6 gxf6 20. f5 e5 21. Nxc5
Bxc5 22. Qe4 Rfg8 23. Bf3 c6 24. a3 Bf8 25. b4 Bh6 26. Bxh6 Rxh6 27. b5 Kc7 28.
bxc6 bxc6 29. Rab1 Nc3 30. Qe1 Rb8 31. Rb4 Rhh8 32. Rc4 Rb6 33. a4 Qd6 34. Kh1
c5 35. g4 Rb1 36. Qf2 Rxf1+ 37. Qxf1 Rb8 38. Qf2 Rb1+ 39. Kg2 Nd5 40. Be4 Ne3+
41. Kh2 Nxc4 42. dxc4 d3 0-1

[Event "TCh-FRA Top 16 Gp A/B"]
[Site "Clichy"]
[Date "2007.05.31"]
[Round "8.3"]
[White "Bouchet, Nicolas"]
[Black "Kallai, Gabor"]
[Result "0-1"]
[WhiteElo "2316"]
[BlackElo "2491"]
[PlyCount "106"]
[EventDate "2007.05.??"]
[EventType "team"]
[EventRounds "11"]
[EventCountry "FRA"]
[SourceDate "2007.01.01"]
[WhiteTeam "Creteil"]
[BlackTeam "Strasbourg"]
[WhiteTeamCountry "FRA"]
[BlackTeamCountry "FRA"]

1. e4 c6 2. d4 d5 3. e5 Bf5 4. c4 e6 5. Nc3 Ne7 6. f4 dxc4 7. Bxc4 h5 8. Be3
Nd7 9. Qd2 Nb6 10. Bb3 Ned5 11. Nf3 Be7 12. O-O Qd7 13. Rac1 O-O-O 14. Bf2 Kb8
15. h3 Nb4 16. Rfd1 Nd3 17. Ra1 Qc7 18. Ng5 Bxg5 19. fxg5 Qe7 20. Be3 Nb4 21.
Qe2 N4d5 22. Bd2 Nc7 23. Bc1 Qb4 24. Be3 a5 25. Qd2 Rd7 26. Na4 Qxd2 27. Rxd2
Nxa4 28. Bxa4 Rhd8 29. Bd1 Bg6 30. Be2 Nd5 31. Bf2 Nb4 32. Bf3 Nd5 33. Rc1 Rc8
34. a3 b6 35. Rdd1 Kb7 36. Be2 Be4 37. Re1 Nf4 38. Bf1 Bd3 39. Be3 Bxf1 40.
Bxf4 Bd3 41. Be3 Rd5 42. Rc3 Bf5 43. Kf2 Rb5 44. Re2 Rd8 45. Kf3 a4 46. Rd2 Rb3
47. Rxb3 axb3 48. Bf2 Ka6 49. Re2 Bc2 50. Re3 Kb5 51. Rc3 Ra8 52. Be3 Rxa3 53.
bxa3 b2 0-1

[Event "TCh-FRA Top 16 Gp A/B"]
[Site "Clichy"]
[Date "2007.05.31"]
[Round "8.4"]
[White "Roos, Daniel"]
[Black "Romieux, Sebastien"]
[Result "1/2-1/2"]
[WhiteElo "2414"]
[BlackElo "2243"]
[PlyCount "124"]
[EventDate "2007.05.??"]
[EventType "team"]
[EventRounds "11"]
[EventCountry "FRA"]
[SourceDate "2007.01.01"]
[WhiteTeam "Strasbourg"]
[WhiteTeamCountry "FRA"]
[BlackTeamCountry "FRA"]

1. Nf3 Nf6 2. d4 e6 3. c4 Bb4+ 4. Nbd2 O-O 5. g3 b6 6. Bg2 Bb7 7. O-O a5 8. Qc2
Bxd2 9. Bxd2 Be4 10. Qc3 d6 11. Rad1 Nbd7 12. Qc1 Qc8 13. Bc3 Qb7 14. Bh3 b5
15. Nd2 bxc4 16. f3 Bc6 17. Nxc4 Bb5 18. b3 a4 19. Rf2 axb3 20. axb3 Bxc4 21.
bxc4 Qb3 22. e4 Qxc4 23. Bf1 Qa4 24. Rc2 Rfd8 25. Qd2 c5 26. Ra1 Qc6 27. Re1
Rdb8 28. Rd1 Rc8 29. Bb2 Qa4 30. Rdc1 Qb3 31. Kg2 Rab8 32. Ba6 Rd8 33. Rd1 h6
34. Bc4 Qb4 35. dxc5 Qxd2+ 36. Rcxd2 Nxc5 37. e5 Ne8 38. Ba3 d5 39. Bxc5 Rdc8
40. Bxd5 Rxc5 41. Be4 f5 42. exf6 Nxf6 43. Bg6 Kf8 44. Re1 Ke7 45. Rde2 Rb6 46.
f4 Nd7 47. h4 Rc3 48. g4 e5 49. Bc2 Rb4 50. Be4 Rbb3 51. g5 hxg5 52. hxg5 Rg3+
53. Kf2 Rg4 54. fxe5 Rxg5 55. e6 Ne5 56. Rg1 Rxg1 57. Kxg1 Kxe6 58. Rf2 Re3 59.
Bf5+ Ke7 60. Kf1 g5 61. Bc8 Rc3 62. Bf5 Rf3 1/2-1/2

[Event "TCh-FRA Top 16 Gp A/B"]
[Site "Clichy"]
[Date "2007.05.31"]
[Round "8.5"]
[White "Strugnell, Carl"]
[Black "Roos, Louis"]
[Result "0-1"]
[WhiteElo "2225"]
[BlackElo "2345"]
[PlyCount "52"]
[EventDate "2007.05.??"]
[EventType "team"]
[EventRounds "11"]
[EventCountry "FRA"]
[SourceDate "2007.01.01"]
[WhiteTeam "Creteil"]
[BlackTeam "Strasbourg"]
[WhiteTeamCountry "FRA"]
[BlackTeamCountry "FRA"]

1. e4 d6 2. d4 Nf6 3. Nc3 g6 4. f4 Bg7 5. Nf3 O-O 6. Bd3 Na6 7. O-O c5 8. d5
Rb8 9. f5 Nc7 10. Qe1 b5 11. Qh4 c4 12. Be2 gxf5 13. Bh6 Nce8 14. Ng5 b4 15.
Rf3 bxc3 16. Rg3 cxb2 17. Rb1 Qb6+ 18. Kh1 Qd4 19. Bxg7 Nxg7 20. Qh6 Qd2 21.
Qxg7+ Kxg7 22. Nf3+ Kh8 23. Nxd2 Ba6 24. Bxc4 Nxe4 25. Nxe4 Bxc4 26. Nc3 Rfc8
0-1

[Event "TCh-FRA Top 16 Gp A/B"]
[Site "Clichy"]
[Date "2007.05.31"]
[Round "8.6"]
[White "Roos, Jean Luc"]
[Black "Brih, Said"]
[Result "1/2-1/2"]
[WhiteElo "2294"]
[BlackElo "2222"]
[PlyCount "97"]
[EventDate "2007.05.??"]
[EventType "team"]
[EventRounds "11"]
[EventCountry "FRA"]
[SourceDate "2007.01.01"]
[WhiteTeam "Strasbourg"]
[WhiteTeamCountry "FRA"]
[BlackTeamCountry "FRA"]

1. d4 Nf6 2. c4 g6 3. Nc3 d5 4. Nf3 Bg7 5. Bf4 O-O 6. e3 c5 7. dxc5 Qa5 8. Qa4
Qxc5 9. Rd1 Nc6 10. cxd5 Nb4 11. Qb5 Nc2+ 12. Kd2 Qxb5 13. Bxb5 Nb4 14. Ke2 a6
15. Ba4 b5 16. Bb3 a5 17. Nxb5 a4 18. Bc4 Ba6 19. Na3 Nfxd5 20. Be5 h6 21. Bd4
Bxc4+ 22. Nxc4 Rfc8 23. Nfd2 e5 24. Bb6 Nxa2 25. Ra1 Nab4 26. Ba5 Nc6 27. Rxa4
Nxa5 28. Rxa5 Rxa5 29. Nxa5 f5 30. Ndc4 e4 31. Rd1 Nb4 32. Rd6 Nd3 33. Nc6 Bf8
34. Re6 Kf7 35. Nd6+ Kxe6 36. Nxc8 Kd7 37. N8a7 Kc7 38. Nd4 Kb7 39. Nac6 Nb4
40. Nd8+ Kc8 41. N8e6 Be7 42. h3 Nd3 43. f3 Kd7 44. fxe4 fxe4 45. Nf4 Nc5 46.
Nd5 Bg5 47. Nc3 Bf6 48. Nd5 Bg5 49. Nc3 1/2-1/2

[Event "TCh-FRA Top 16 Gp A/B"]
[Site "Clichy"]
[Date "2007.05.31"]
[Round "8.7"]
[White "Guilleux, Fabien"]
[Black "Schwicker, Francois"]
[Result "1-0"]
[WhiteElo "2203"]
[BlackElo "2234"]
[PlyCount "61"]
[EventDate "2007.05.??"]
[EventType "team"]
[EventRounds "11"]
[EventCountry "FRA"]
[SourceDate "2007.01.01"]
[WhiteTeam "Creteil"]
[BlackTeam "Strasbourg"]
[WhiteTeamCountry "FRA"]
[BlackTeamCountry "FRA"]

1. c4 Nf6 2. Nf3 d6 3. Nc3 c6 4. d4 Bg4 5. e4 Nbd7 6. Be2 e5 7. Be3 Qc7 8. O-O
Be7 9. d5 O-O 10. Nd2 Bxe2 11. Qxe2 Rfe8 12. Rab1 Rac8 13. b4 Qb8 14. a4 Bd8
15. a5 a6 16. Na4 cxd5 17. cxd5 b5 18. axb6 Nxb6 19. Qxa6 Nxa4 20. Qxa4 Bb6 21.
Bxb6 Qxb6 22. b5 h5 23. Qb4 Red8 24. Nc4 Qd4 25. Na5 Qxe4 26. Qxe4 Nxe4 27. b6
Nd2 28. b7 Rb8 29. Nc6 Nxb1 30. Nxd8 Rxd8 31. Rc1 1-0

[Event "TCh-FRA Top 16 Gp A/B"]
[Site "Clichy"]
[Date "2007.05.31"]
[Round "8.8"]
[White "Roos, Louise"]
[Black "Lam, Sophie"]
[Result "0-1"]
[WhiteElo "1948"]
[BlackElo "2064"]
[PlyCount "100"]
[EventDate "2007.05.??"]
[EventType "team"]
[EventRounds "11"]
[EventCountry "FRA"]
[SourceDate "2007.01.01"]
[WhiteTeam "Strasbourg"]
[WhiteTeamCountry "FRA"]
[BlackTeamCountry "FRA"]

1. e4 c5 2. Nf3 Nc6 3. d4 cxd4 4. Nxd4 g6 5. Nc3 Bg7 6. Nb3 Nf6 7. Be2 d6 8.
O-O O-O 9. Re1 a6 10. Bf1 Be6 11. Nd5 Rc8 12. c3 Re8 13. Bg5 Bxd5 14. exd5 Ne5
15. Qd4 Qc7 16. Rad1 h6 17. Bc1 Kh7 18. Kh1 Rf8 19. Qh4 Rce8 20. f4 Ned7 21. f5
Ne5 22. Nd4 Qc8 23. fxg6+ Nxg6 24. Bd3 Qg4 25. Qxg4 Nxg4 26. Kg1 Bxd4+ 27. cxd4
Nf6 28. Be4 Nxe4 29. Rxe4 Rc8 30. Re2 Rc7 31. b3 Rfc8 32. Bb2 Kg7 33. g3 Nf8
34. Rdd2 Nh7 35. Kf2 Nf6 36. Ke1 Nxd5 37. Kd1 e6 38. a3 Nc3+ 39. Bxc3 Rxc3 40.
Rc2 Rxc2 41. Rxc2 Rxc2 42. Kxc2 Kf6 43. Kd3 Kf5 44. h3 h5 45. Ke3 f6 46. d5 e5
47. a4 Kg5 48. Kf3 f5 49. h4+ Kf6 50. b4 Ke7 0-1

[Event "TCh-FRA Top 16 Gp A/B"]
[Site "Clichy"]
[Date "2007.06.01"]
[Round "9.1"]
[White "Postny, Evgeny"]
[Black "Movsesian, Sergei"]
[Result "1/2-1/2"]
[WhiteElo "2622"]
[BlackElo "2642"]
[PlyCount "44"]
[EventDate "2007.05.??"]
[EventType "team"]
[EventRounds "11"]
[EventCountry "FRA"]
[SourceDate "2007.01.01"]
[WhiteTeam "Metz"]
[BlackTeam "Vandoeuvre"]
[WhiteTeamCountry "FRA"]
[BlackTeamCountry "FRA"]

1. d4 Nf6 2. c4 c6 3. Nc3 d5 4. Nf3 a6 5. c5 Nbd7 6. Bf4 Nh5 7. Bd2 Nhf6 8. Rc1
g6 9. h3 Qc7 10. g3 Bg7 11. Bg2 O-O 12. Bf4 Qd8 13. O-O Nh5 14. Bg5 f6 15. Bd2
f5 16. Na4 e5 17. dxe5 Nxe5 18. Bc3 Nxf3+ 19. Bxf3 Bxc3 20. Rxc3 Ng7 21. e3 Be6
22. b4 Qf6 1/2-1/2

[Event "TCh-FRA Top 16 Gp A/B"]
[Site "Clichy"]
[Date "2007.06.01"]
[Round "9.2"]
[White "Meier, Georg"]
[Black "Eingorn, Vereslav S"]
[Result "1/2-1/2"]
[WhiteElo "2506"]
[BlackElo "2588"]
[PlyCount "43"]
[EventDate "2007.05.??"]
[EventType "team"]
[EventRounds "11"]
[EventCountry "FRA"]
[SourceDate "2007.01.01"]
[WhiteTeam "Vandoeuvre"]
[WhiteTeamCountry "FRA"]
[BlackTeamCountry "FRA"]

1. e4 c5 2. Nf3 a6 3. c4 e6 4. Nc3 b6 5. d4 cxd4 6. Nxd4 Bb7 7. Be3 Nf6 8. f3
d6 9. Be2 Be7 10. O-O O-O 11. Rc1 Nbd7 12. a3 Rc8 13. Qd2 Re8 14. b4 Qc7 15.
Kh1 Qb8 16. Rc2 Bd8 17. Bg1 Ne5 18. Na4 Bc7 19. Nb2 Ng6 20. Nd3 Nd7 21. Rb1 Qa8
22. Qc1 1/2-1/2

[Event "TCh-FRA Top 16 Gp A/B"]
[Site "Clichy"]
[Date "2007.06.01"]
[Round "9.3"]
[White "Riazantsev, Alexander"]
[Black "Glek, Igor V"]
[Result "1/2-1/2"]
[WhiteElo "2621"]
[BlackElo "2531"]
[PlyCount "37"]
[EventDate "2007.05.??"]
[EventType "team"]
[EventRounds "11"]
[EventCountry "FRA"]
[SourceDate "2007.01.01"]
[WhiteTeam "Metz"]
[BlackTeam "Vandoeuvre"]
[WhiteTeamCountry "FRA"]
[BlackTeamCountry "FRA"]

1. d4 d6 2. e4 Nf6 3. f3 d5 4. e5 Nfd7 5. c3 c5 6. Be3 Nc6 7. f4 cxd4 8. cxd4
Nb6 9. Nc3 Bf5 10. Bd3 e6 11. Bxf5 exf5 12. Nge2 Rc8 13. O-O h5 14. b3 g6 15.
a4 Bb4 16. Na2 Be7 17. Bd2 a6 18. Nac1 Na8 19. Nd3 1/2-1/2

[Event "TCh-FRA Top 16 Gp A/B"]
[Site "Clichy"]
[Date "2007.06.01"]
[Round "9.4"]
[White "Philippe, Christophe"]
[Black "Koch, Jean Rene"]
[Result "1/2-1/2"]
[WhiteElo "2354"]
[BlackElo "2451"]
[PlyCount "83"]
[EventDate "2007.05.??"]
[EventType "team"]
[EventRounds "11"]
[EventCountry "FRA"]
[SourceDate "2007.01.01"]
[WhiteTeam "Vandoeuvre"]
[WhiteTeamCountry "FRA"]
[BlackTeamCountry "FRA"]

1. e4 c5 2. Nf3 g6 3. c3 Bg7 4. d4 cxd4 5. cxd4 d5 6. e5 Bg4 7. Bb5+ Nc6 8.
Bxc6+ bxc6 9. Nbd2 Nh6 10. O-O O-O 11. h3 Bxf3 12. Nxf3 Qb6 13. b3 c5 14. Ba3
cxd4 15. Bxe7 Rfe8 16. Bg5 Nf5 17. g4 Ne7 18. Qxd4 Qxd4 19. Nxd4 Bxe5 20. Rad1
f6 21. Be3 a6 22. Rc1 Rec8 23. Rfd1 Kf7 24. Kf1 Bd6 25. Rxc8 Rxc8 26. Rc1 Rxc1+
27. Bxc1 Bc7 28. Nc2 Nc6 29. Ke2 Ke6 30. Bd2 f5 31. f3 fxg4 32. fxg4 h5 33.
gxh5 gxh5 34. b4 Bb6 35. a4 d4 36. Kd3 Kd5 37. Bf4 a5 38. bxa5 Bxa5 39. Bg3 Bd8
40. Bf4 Ba5 41. Bg3 Bd8 42. Bf4 1/2-1/2

[Event "TCh-FRA Top 16 Gp A/B"]
[Site "Clichy"]
[Date "2007.06.01"]
[Round "9.5"]
[White "Pucher, Olivier"]
[Black "Nezar, Mustapha"]
[Result "1-0"]
[WhiteElo "2315"]
[BlackElo "2420"]
[PlyCount "89"]
[EventDate "2007.05.??"]
[EventType "team"]
[EventRounds "11"]
[EventCountry "FRA"]
[SourceDate "2007.01.01"]
[WhiteTeam "Metz"]
[BlackTeam "Vandoeuvre"]
[WhiteTeamCountry "FRA"]
[BlackTeamCountry "FRA"]

1. d4 d5 2. c4 c6 3. Nf3 Nf6 4. Nc3 e6 5. Bg5 h6 6. Bxf6 Qxf6 7. g3 g6 8. Bg2
Bg7 9. O-O O-O 10. Qc2 dxc4 11. Ne4 Qe7 12. Qxc4 Nd7 13. Rfd1 Rd8 14. e3 Kh7
15. Rac1 Nb6 16. Qc2 Bd7 17. h4 Kg8 18. Nc5 Be8 19. a4 Nd5 20. a5 Qc7 21. e4
Ne7 22. a6 bxa6 23. Nxa6 Qb6 24. Nc5 Rab8 25. b3 a5 26. Ra1 Ra8 27. Ra4 Ra7 28.
Rda1 Nc8 29. e5 Ne7 30. b4 Rda8 31. Qa2 Nd5 32. bxa5 Qd8 33. Qd2 Bf8 34. Ne4 c5
35. R4a2 c4 36. a6 Bb5 37. Nh2 Rxa6 38. Nf6+ Kh8 39. Bxd5 Rxa2 40. Rxa2 Rxa2
41. Qxa2 exd5 42. Nhg4 Bg7 43. Qa7 c3 44. Nxh6 Be8 45. Qxf7 1-0

[Event "TCh-FRA Top 16 Gp A/B"]
[Site "Clichy"]
[Date "2007.06.01"]
[Round "9.6"]
[White "Paci, Cedric"]
[Black "Taddei, Benoit"]
[Result "1-0"]
[WhiteElo "2291"]
[BlackElo "2247"]
[PlyCount "79"]
[EventDate "2007.05.??"]
[EventType "team"]
[EventRounds "11"]
[EventCountry "FRA"]
[SourceDate "2007.01.01"]
[WhiteTeam "Vandoeuvre"]
[WhiteTeamCountry "FRA"]
[BlackTeamCountry "FRA"]

1. Nf3 g6 2. d4 Bg7 3. e4 d6 4. Nc3 a6 5. Be3 Nd7 6. Qd2 b5 7. Bd3 c5 8. O-O
Bb7 9. Rfe1 cxd4 10. Bxd4 Ngf6 11. a4 e5 12. Be3 b4 13. Nd5 Nxd5 14. exd5 a5
15. Nd4 O-O 16. Nc6 Qc7 17. Bb5 Nb8 18. Na7 h6 19. Rac1 f5 20. f3 g5 21. c3
bxc3 22. Rxc3 Qf7 23. Rec1 f4 24. Bf2 e4 25. Rc7 e3 26. Bxe3 fxe3 27. Qxe3 Qf4
28. Qe6+ Kh8 29. R1c4 Bxd5 30. Qxd5 Qe3+ 31. Kf1 Rxa7 32. Re4 Qb6 33. Rxa7 Qxa7
34. Qxd6 Qf7 35. Re7 Qf4 36. Qg6 Qf6 37. Qe4 Qf5 38. Qe1 g4 39. Qg3 Qf6 40. Rb7
1-0

[Event "TCh-FRA Top 16 Gp A/B"]
[Site "Clichy"]
[Date "2007.06.01"]
[Round "9.7"]
[White "Hisler, Thomas"]
[Black "Iglesias, Joachim"]
[Result "1-0"]
[WhiteElo "2223"]
[BlackElo "2144"]
[PlyCount "68"]
[EventDate "2007.05.??"]
[EventType "team"]
[EventRounds "11"]
[EventCountry "FRA"]
[SourceDate "2007.01.01"]
[WhiteTeam "Metz"]
[BlackTeam "Vandoeuvre"]
[WhiteTeamCountry "FRA"]
[BlackTeamCountry "FRA"]

1. e4 c5 2. Nc3 Nc6 3. g3 g6 4. Bg2 Bg7 5. d3 d6 6. Bg5 Rb8 7. Qd2 b5 8. Nge2
b4 9. Nd1 Nd4 10. O-O h6 11. Be3 h5 12. h4 Bd7 13. Nf4 Qa5 14. a3 Qa4 15. b3
Qa6 16. Ra2 Nb5 17. a4 Nd4 18. Nb2 Qc8 19. Nc4 g5 20. hxg5 h4 21. gxh4 Rxh4 22.
f3 Be5 23. Nxe5 dxe5 24. Nd5 Be6 25. Bxd4 exd4 26. Qf2 Rh5 27. Qg3 Bxd5 28.
exd5 Rb6 29. Raa1 Rg6 30. f4 f6 31. Rae1 fxg5 32. f5 Rgh6 33. d6 Kd8 34. dxe7+
Ke8 {suite illisible} 1-0